| 000 | 01854nam a2200445 c 4500 | ||
|---|---|---|---|
| 999 |
_c85241 _d85241 |
||
| 003 | BLK | ||
| 005 | 20250728151932.0 | ||
| 008 | 180408b bul|||||r ||||||| ||bul|| | ||
| 010 | _aKNG00089839000 | ||
| 020 | _a9546571180 | ||
| 020 | _a9789546571182 | ||
| 040 | _aBLK | ||
| 041 |
_aBUL _cBUL |
||
| 072 | 7 |
_2bullib _aН85 _xДетска художествена литература Н |
|
| 080 |
_aИталианска литература _b821.131.1 _x-93-34 _z821.131.1-93-34 |
||
| 100 |
_aРодари, Джани _d1920-1980 _gИталиански писател _9253674 |
||
| 139 |
_aРодари, Джани _bР 73 |
||
| 245 | 1 | 0 |
_aПриключенията на Лукчо _bПриказен роман _cДжани Родари; прев. Светозар Асенов Златаров; прев. Никола Иванов. |
| 257 | _aITA | ||
| 260 |
_aСофия _bПАН _c2011 |
||
| 300 |
_a208 с. _bс ил. _c20 см |
||
| 380 | _aDX | ||
| 490 |
_aВечните детски романи _v3 _9201472 |
||
| 500 | _aОриг. загл. Il Romanzo di Cipolino / Gianni Rodari. - 1. изд. 1953 на изд. Нар. младеж. - Съдържа и за авт. - На кор. означено Вечните детски романи. | ||
| 653 | _aприказки | ||
| 653 | _aлитература за деца | ||
| 653 | _aдетска литература | ||
| 659 | _aН | ||
| 700 | 1 |
_aЗлатаров, Светозар Асенов _eпрев. _9367266 |
|
| 700 | 1 |
_aИванов, Никола _eпрев. _9363578 |
|
| 852 | _aЦб 254495 | ||
| 856 | 4 | _qpdf | |
| 856 | 4 | _qpdf | |
| 942 |
_cKNG _n0 _0315 _s1 |
||
| 944 |
_aCR _c01.03.2012 _lАнна Гръцманова _k30564 |
||
| 944 |
_aED _c28.02.2017 _lф / _kЛюдмила_Стоянова |
||
| 999 | _d85241 | ||
| 999 | _d85241 | ||
| 999 | _d85241 | ||